000 00550nam a2200169 i 4500
001 24947
003 ES-MaACL
007 t|
008 021219s1957 sp ||||1| spa d
245 0 0 _aApuntes de Electrotécnia
_b: (Sección de Mecánica) : Segunda parte.
260 _a[Vitoria :
_bs.n.,
_c1957] (
_fTalls. Tip. de "Jesús Obrero")
300 _a115 p. ;
_c21 cm.
490 1 _aColección de apuntes privados Jesús Obrero
830 0 _aColección de apuntes privados Jesús Obrero
_9180937
852 _aES-MaACL
_jE-3527
999 _c24947
_d24947